| 000 | 00446nam a2200193Ia 4500 | ||
|---|---|---|---|
| 003 | 0100 | ||
| 008 | 130303s9999 xx 000 0 und d | ||
| 040 | _cARRUPELIB | ||
| 050 | _aLB1025.3.S57 1999 | ||
| 100 | _aSiyakwazi, Ben John | ||
| 245 | _aStrategies in Teaching and learning | ||
| 260 | _aHarare | ||
| 260 | _bSapes books | ||
| 260 | _C1999 | ||
| 300 | _a92p. | ||
| 300 | _b 22cm | ||
| 440 | _aeducation series | ||
| 942 |
_2lcc _02 |
||
| 999 |
_c60126 _d60126 |
||